Comercio internacional (Registro nro. 7991)
[ vista simple ]
| 000 -LEADER | |
|---|---|
| fixed length control field | 00714 a2200229 4500 |
| 001 - CONTROL NUMBER | |
| control field | 63102 |
| 005 - DATE AND TIME OF LATEST TRANSACTION | |
| control field | 20260407155926.0 |
| 008 - FIXED-LENGTH DATA ELEMENTS--GENERAL INFORMATION | |
| fixed length control field | 260407a1974 arg spa d |
| 003 - CONTROL NUMBER IDENTIFIER | |
| control field | AR-UNSa-BCEJYS |
| 040 ## - CATALOGING SOURCE | |
| Original cataloging agency | AR-UNSa-BCEJYS |
| Language of cataloging | spa |
| Transcribing agency | AR-UNSa-BCEJYS |
| 080 ## - UNIVERSAL DECIMAL CLASSIFICATION NUMBER | |
| Universal Decimal Classification number | 339.5 |
| Common auxiliary subdivision | Comercio exterior. Comercio Internacional |
| 041 ## - LANGUAGE CODE | |
| Language code of text/sound track or separate title | spa |
| 100 1# - MAIN ENTRY--PERSONAL NAME | |
| Personal name | Hays, Richard D. |
| 245 10 - TITLE STATEMENT | |
| Title | Comercio internacional |
| Name of part/section of a work | Introducción al mundo de la empresa multinacional |
| 264 #1 - PRODUCTION, PUBLICATION, DISTRIBUTION, MANUFACTURE, AND COPYRIGHT NOTICE | |
| Place of production, publication, distribution, manufacture | New Jersey : |
| Name of producer, publisher, distributor, manufacturer | Prentice/Hall Internacional |
| Date of production, publication, distribution, manufacture, or copyright notice | 1974 |
| 300 ## - PHYSICAL DESCRIPTION | |
| Extent | xvi, 408 p. |
| Dimensions | 23 cm. |
| 590 ## - LOCAL NOTE (RLIN) | |
| Local note | niveau_biblio:m niveau_hierar:0 |
| 700 1# - ADDED ENTRY--PERSONAL NAME | |
| Personal name | Korth, Christopher M. |
| 700 1# - ADDED ENTRY--PERSONAL NAME | |
| Personal name | Rodil, Florencio |
| 700 1# - ADDED ENTRY--PERSONAL NAME | |
| Personal name | Roudiani, Manucher |
| 942 ## - ADDED ENTRY ELEMENTS (KOHA) | |
| Koha item type | |
| Withdrawn status | Lost status | Damaged status | Not for loan | Home library | Current library | Shelving location | Date acquired | Total checkouts | Full call number | Barcode | Date last seen | Price effective from | Koha item type |
|---|---|---|---|---|---|---|---|---|---|---|---|---|---|
| Biblioteca Prof. Eusebio Cleto del Rey | Biblioteca Prof. Eusebio Cleto del Rey | 07/04/2026 | 339.5 H425 | L39482 | 07/04/2026 | 07/04/2026 | Libro |